|
|
|
|
| LEADER |
01655cas a2200313 a 4500 |
| 001 |
AALejournalIMF020484 |
| 008 |
230101c9999 xx r poo 0 0eng d |
| 020 |
|
|
|c 5.00 USD
|
| 020 |
|
|
|z 9781498342599
|
| 022 |
|
|
|a 2663-3493
|
| 040 |
|
|
|a BD-DhAAL
|c BD-DhAAL
|
| 110 |
2 |
|
|a International Monetary Fund.
|
| 245 |
1 |
0 |
|a Key Trends in Implementing the Fund's Transparency Policy.
|
| 264 |
|
1 |
|a Washington, D.C. :
|b International Monetary Fund,
|c 2014.
|
| 300 |
|
|
|a 1 online resource (13 pages)
|
| 490 |
1 |
|
|a Policy Papers
|
| 500 |
|
|
|a <strong>Off-Campus Access:</strong> No User ID or Password Required
|
| 500 |
|
|
|a <strong>On-Campus Access:</strong> No User ID or Password Required
|
| 506 |
|
|
|a Electronic access restricted to authorized BRAC University faculty, staff and students
|
| 520 |
3 |
|
|a At the time of the 2005 review of the Fund's transparency policy, it was agreed that information on key trends in implementation of the transparency policy would be circulated to the Board regularly, along with lists indicating the publication status of reports discussed by the Board. The set of tables provided in this report updates the last Key Trends with information on documents issued to the Board through December 2013.
|
| 538 |
|
|
|a Mode of access: Internet
|
| 650 |
|
7 |
|a Country Policy Intention Document
|2 imf
|
| 650 |
|
7 |
|a Country
|2 imf
|
| 650 |
|
7 |
|a Member Country
|2 imf
|
| 650 |
|
7 |
|a PP
|2 imf
|
| 650 |
|
7 |
|a Staff Report
|2 imf
|
| 651 |
|
7 |
|a Mongolia
|2 imf
|
| 830 |
|
0 |
|a Policy Papers; Policy Paper ;
|v No. 2014/045
|
| 856 |
4 |
0 |
|z Full text available on IMF
|u http://elibrary.imf.org/view/journals/007/2014/045/007.2014.issue-045-en.xml
|z IMF e-Library
|